000 00694nam a2200205 i 4500
001 34264
003 ES-MaACL
005 20250905123705.0
007 t|
008 030204s1949 mx ||||1| spa d
100 1 _aBloch, Ernst.
_929505
245 1 3 _aEl pensamiento de Hegel /
_cErnst Bloch ; traducción directa de Wenceslao Roces.
250 _a[1ª ed.].
260 _aMéxico, etc. :
_bFondo de Cultura Económica,
_c[1949] (
_fGráf. Panamericana)
300 _a470 p. ;
_c22 cm.
600 0 4 _aHegel, Georg Wilhelm Friedrich-
_xCrítica e interpretación.
_962317
700 1 _aRoces, Wenceslao,
_d1897-1992
_998039
852 _aES-MaACL
_jD-7698
_bR.29857
999 _c34264
_d34264